Normal view
MARC view
- Gonzalez, Rafael C. Lee, C. S. G
Entry Corporate Name
001 - CONTROL NUMBER
- control field: 112356
003 - CONTROL NUMBER IDENTIFIER
- control field: NUST
005 - DATE AND TIME OF LATEST TRANSACTION
- control field: 20230516101230.0
008 - FIXED-LENGTH DATA ELEMENTS
- fixed length control field: 230516|| aca||aabn | a|a d
040 ## - CATALOGING SOURCE
- Original cataloging agency: NUST
- Transcribing agency: NUST
110 ## - HEADING--CORPORATE NAME
- Corporate name or jurisdiction name as entry element: Gonzalez, Rafael C. Lee, C. S. G
670 ## - SOURCE DATA FOUND
- Source citation: Work cat.: (NUST): Fu, K. S. 112355, Robotics: , 2008.
